مكتبة جامعة عجلون الوطنية

فهرس بحث المكتبة

اللغة العربية والإعلام وكتاب النص: وقائع الندوة المشتركة التي عقدها منتدى الفكر العربي ومجمع اللغة العربية الاردني، عمان 13/9/2005 (Record no. 12730)

MARC details
000 -LEADER
fixed length control field 01355nam a2200241Ii 4500
003 - CONTROL NUMBER IDENTIFIER
control field JO-AjNU
008 - FIXED-LENGTH DATA ELEMENTS--GENERAL INFORMATION
fixed length control field 230605s9999||||xx |||||||||||||| ||und||
017 ## - COPYRIGHT OR LEGAL DEPOSIT NUMBER
Copyright or legal deposit number 2009/4/2069
020 ## - INTERNATIONAL STANDARD BOOK NUMBER
International Standard Book Number 978-9957-417-24-6
040 ## - CATALOGING SOURCE
Original cataloging agency JO-AjNU
Language of cataloging ara
Description conventions rda
Transcribing agency JO-AjNU
041 ## - LANGUAGE CODE
Language code of text/sound track or separate title ara
050 14 - LIBRARY OF CONGRESS CALL NUMBER
Classification number PJ 6074 .M85 2009
100 3# - MAIN ENTRY--PERSONAL NAME
Personal name ندوة اللغة العربية والإعلام وكتاب النص، 13/9/2005؛ اشراف ومراجعة همام عضيب؛ تحرير كايد هاشم,
Relator term author
9 (RLIN) 24745
245 00 - TITLE STATEMENT
Title اللغة العربية والإعلام وكتاب النص: وقائع الندوة المشتركة التي عقدها منتدى الفكر العربي ومجمع اللغة العربية الاردني، عمان 13/9/2005
250 ## - EDITION STATEMENT
Edition statement ط1
264 31 - PRODUCTION, PUBLICATION, DISTRIBUTION, MANUFACTURE, AND COPYRIGHT NOTICE
Place of production, publication, distribution, manufacture عمان: منتدى الفكر العربي، دار ورد للنشر والتوزيع، 2009
300 ## - PHYSICAL DESCRIPTION
Extent 154ص
Other physical details وقائع الندوة المشتركة بين منتدى الفكر العربي ومجمع اللغة العربية
336 ## - CONTENT TYPE
Content type term text
Content type code txt
Source rdacontent
337 ## - MEDIA TYPE
Media type term unmediated
Media type code n
Source rdamedia
338 ## - CARRIER TYPE
Carrier type term volume
Carrier type code nc
Source rdacarrier
490 0# - SERIES STATEMENT
Series statement سلسلة كتاب المنتدى؛ 4
650 #4 - SUBJECT ADDED ENTRY--TOPICAL TERM
Topical term or geographic name entry element اللغة العربية - مؤتمرات - وسائل الاعلام واللغة العربية - جوانب اجتماعية - مؤتمرات
9 (RLIN) 24746
Holdings
Withdrawn status Lost status Source of classification or shelving scheme Damaged status Not for loan Home library Current library Shelving location Date acquired Total Checkouts Full call number Barcode Date last seen Price effective from Koha item type
    Library of Congress Classification     مكتبة جامعة عجلون الوطنية مكتبة جامعة عجلون الوطنية المجموعات العامة 06/06/2023   PJ 6074 .M85 2009 A9162 06/06/2023 06/06/2023 Books